[Event "Druzynowe Mistrzostwa Polski - II Liga Seniorow"]
[Site "Ustron/Slaski Zwiazek Szachowy"]
[Date "2008.09.14"]
[Round "8.92"]
[White "Denderski, Piotr"]
[Black "Sokolowski, Krzysztof"]
[Result "1-0"]
[WhiteTitle "k"]
[BlackTitle "I"]
[WhiteElo "2272"]
[BlackElo "2021"]

1. d4 d5 2. c4 e6 3. Nc3 c6 4. e3 Nf6 5. Nf3 Nbd7 6. Qc2 Bd6 7. g4 dxc4 8. g5
Nd5 9. Bxc4 Qe7 10. Bd2 Nxc3 11. Bxc3 e5 12. O-O-O b5 13. dxe5 Nxe5 14. Nxe5
Bxe5 15. Qe4 O-O 16. Bd3 1-0

[Event "Druzynowe Mistrzostwa Polski - II Liga Seniorow"]
[Site "Ustron/Slaski Zwiazek Szachowy"]
[Date "2008.09.14"]
[Round "8.93"]
[White "Michalak, Robert"]
[Black "Piesik, Piotr"]
[Result "0-1"]
[WhiteTitle "I++"]
[BlackTitle "I++"]
[WhiteElo "1831"]
[BlackElo "2150"]

1. d4 d5 2. Bg5 f6 3. Bh4 c5 4. c3 Nc6 5. e3 Bf5 6. dxc5 e5 7. Bb5 Bxc5 8. Nd2
Qb6 9. Qb3 Nge7 10. Bxc6+ bxc6 11. Qxb6 Bxb6 12. Ne2 Kf7 13. Bg3 a5 14. O-O
Rab8 15. c4 Bd3 16. Rfe1 dxc4 17. Rac1 Ba7 18. Nxc4 Bxc4 19. Rxc4 Rxb2 20. Nc1
Rd8 21. Kf1 Bb6 22. Re2 Rd1+ 23. Re1 Rdd2 24. Re2 Ke6 25. Rxd2 Rxd2 26. Ra4
Rd1+ 0-1

[Event "Druzynowe Mistrzostwa Polski - II Liga Seniorow"]
[Site "Ustron/Slaski Zwiazek Szachowy"]
[Date "2008.09.14"]
[Round "8.95"]
[White "Filipkowska, Martyna"]
[Black "Pacak, Patrycja"]
[Result "1-0"]
[WhiteTitle "II"]
[BlackTitle "I"]
[WhiteElo "1580"]
[BlackElo "1771"]

1. c4 e5 2. Nc3 Nc6 3. Nf3 g6 4. g3 Bg7 5. Bg2 d6 6. O-O f5 7. d3 Nf6 8. Qb3 h6
9. e4 O-O 10. Be3 g5 11. exf5 Ne7 12. Nd2 Nxf5 13. Nde4 Ng4 14. Rae1 c6 15. h3
Nf6 16. Kh2 g4 17. Nxf6+ Bxf6 18. hxg4 Nxe3 19. Rxe3 Bg5 20. Rf3 Rxf3 21. Bxf3
Qf6 22. Kg2 Rb8 23. Ne4 Qg6 24. Qd1 Bd7 25. d4 Bxg4 26. Nxg5 Bxf3+ 27. Nxf3 e4
28. Nh4 Qg5 29. Qe2 d5 30. cxd5 cxd5 31. f3 Rf8 32. fxe4 Rxf1 33. Qxf1 dxe4 34.
Qc4+ Kg7 35. Qc7+ Kf8 36. Qc8+ Kf7 37. Qxb7+ Ke6 38. Qxe4+ Kd6 39. Qf4+ Kd5 40.
Qf7+ Kd6 41. Nf5+ Kc6 42. Qc4+ Kd7 43. Qd5+ Kc7 44. Qd6+ Kb7 45. Nxh6 Qh5 46.
Qe7+ Ka6 47. Qf6+ Kb7 48. Qf7+ Qxf7 49. Nxf7 Kc6 50. g4 Kd5 51. g5 Ke6 52. g6
Kf6 53. Ne5 Kg7 54. d5 a5 55. d6 1-0

[Event "Druzynowe Mistrzostwa Polski - II Liga Seniorow"]
[Site "Ustron/Slaski Zwiazek Szachowy"]
[Date "2008.09.14"]
[Round "8.96"]
[White "Rys, Marek"]
[Black "Banasik, Krzysztof"]
[Result "0-1"]
[WhiteTitle "II"]
[BlackTitle "k"]
[WhiteElo "1828"]
[BlackElo "2215"]

1. d4 g6 2. c4 Bg7 3. Nc3 d6 4. e4 Nd7 5. Nf3 e5 6. dxe5 dxe5 7. Be2 Ngf6 8.
O-O O-O 9. Bg5 c6 10. Qd2 Re8 11. Rfd1 Qe7 12. Qd6 Qxd6 13. Rxd6 h6 14. Bxf6
Nxf6 15. Rdd1 a5 16. b3 Bf8 17. Nd2 Bb4 18. Rac1 Nd7 19. f3 Nc5 20. Na4 Be6 21.
Kf1 Nxa4 22. bxa4 Kf8 23. Nb3 Red8 24. Kf2 Ke7 25. Bf1 f6 26. Rd3 c5 27. Rcd1
Bd7 28. Rd5 Bxa4 29. Rxd8 Rxd8 30. Rxd8 Kxd8 31. Bd3 Kc7 32. Ke2 Bd7 33. Kd1
Be6 34. Be2 a4 35. Na1 b5 36. cxb5 Bxa2 37. Nc2 a3 38. Kc1 Bb3 39. Na1 c4 40.
Kb1 0-1

[Event "Druzynowe Mistrzostwa Polski - II Liga Seniorow"]
[Site "Ustron/Slaski Zwiazek Szachowy"]
[Date "2008.09.14"]
[Round "8.97"]
[White "Tustanowski, Robert"]
[Black "Mackowiak, Marek"]
[Result "1/2-1/2"]
[WhiteTitle "m"]
[BlackTitle "k"]
[WhiteElo "2281"]
[BlackElo "2197"]

1. e4 g6 2. d4 Bg7 3. Nc3 d6 4. g3 Nf6 5. Bg2 O-O 6. Nge2 e5 7. h3 c6 8. a4 a5
9. Be3 Nfd7 10. O-O Na6 11. f4 Re8 12. Qd2 exd4 13. Bxd4 Bxd4+ 14. Nxd4 Nac5
15. Rad1 Nf6 16. Rfe1 d5 17. exd5 Rxe1+ 18. Rxe1 cxd5 19. Kh2 Bd7 20. b3 Bc6
21. f5 Qf8 22. Qg5 Qg7 23. fxg6 hxg6 24. Nxd5 Nxd5 25. Bxd5 Qxd4 26. Qxg6+ Kh8
27. Qh6+ Kg8 28. Qg6+ Kh8 29. Qh6+ Kg8 30. Qg6+ 1/2-1/2

[Event "Druzynowe Mistrzostwa Polski - II Liga Seniorow"]
[Site "Ustron/Slaski Zwiazek Szachowy"]
[Date "2008.09.14"]
[Round "8.98"]
[White "Rys, Sebastian"]
[Black "Siekaniec, Jan"]
[Result "0-1"]
[WhiteTitle "I+"]
[BlackTitle "k"]
[WhiteElo "1973"]
[BlackElo "2184"]

1. e4 c5 2. c3 Nf6 3. e5 Nd5 4. d4 cxd4 5. cxd4 e6 6. Nc3 Nxc3 7. bxc3 Qc7 8.
Bd2 d6 9. exd6 Bxd6 10. g3 Nc6 11. Nf3 Na5 12. c4 b6 13. Bxa5 bxa5 14. c5 Be7
15. Bb5+ Kf8 16. O-O h5 17. Ne5 Bf6 18. c6 Rb8 19. Rb1 a6 20. Ba4 Rxb1 21. Qxb1
Bxe5 22. dxe5 Qxe5 23. Rd1 Ke7 24. Qb6 h4 25. Qa7+ Kf6 26. Qd4 Qxd4 27. Rxd4
hxg3 28. hxg3 Ke7 29. f4 Rd8 30. Rc4 Rd5 31. Kf2 Kd6 32. c7 Rc5 33. Rxc5 Kxc5
34. Be8 f6 35. Ke3 Kd6 36. Kd4 Bb7 37. Ba4 e5+ 38. fxe5+ fxe5+ 39. Kc3 Kxc7 40.
Bc2 Bc6 41. a3 Kd6 42. Bf5 Kc5 43. Bc8 Kb5 44. g4 g5 0-1

[Event "Druzynowe Mistrzostwa Polski - II Liga Seniorow"]
[Site "Ustron/Slaski Zwiazek Szachowy"]
[Date "2008.09.14"]
[Round "8.99"]
[White "Szczesniak, Konrad"]
[Black "Sron, Przemyslaw"]
[Result "1-0"]
[WhiteTitle "k"]
[BlackTitle "I"]
[WhiteElo "2248"]
[BlackElo "1893"]

1. d4 d5 2. c4 c6 3. Nc3 g6 4. Nf3 Bg7 5. Qb3 dxc4 6. Qxc4 b5 7. Qc5 Qb6 8. e4
Qxc5 9. dxc5 Bxc3+ 10. bxc3 Nf6 11. a4 Nxe4 12. axb5 cxb5 13. Bxb5+ Bd7 14. c4
Bxb5 15. cxb5 Nxc5 16. Be3 Nbd7 17. Nd4 Rb8 18. O-O e5 19. Nc6 Rxb5 20. Nxa7
Rb7 21. Bh6 Ke7 22. Nc6+ Ke6 23. f4 f6 24. fxe5 fxe5 25. Bg5 Rb6 26. Nd8+ Kd5
27. Rfd1+ Ke4 28. Nf7 Rhb8 29. Nd6+ Rxd6 30. Rxd6 Rb4 31. Re1+ Kf5 32. Be3 Rc4
33. Red1 Nf8 34. Rf1+ Ke4 35. Bxc5 Rxc5 36. Rxf8 Ke3 37. Rf3+ Ke2 38. Rf2+ Ke3
39. Rd1 e4 40. Rf7 h5 41. Re1+ 1-0

[Event "Druzynowe Mistrzostwa Polski - II Liga Seniorow"]
[Site "Ustron/Slaski Zwiazek Szachowy"]
[Date "2008.09.14"]
[Round "8.100"]
[White "Rubinowski, Sebastian"]
[Black "Grajdek, Jaroslaw"]
[Result "1-0"]
[WhiteTitle "I++"]
[BlackTitle "I+"]
[WhiteElo "2106"]
[BlackElo "2092"]

1. e4 e5 2. Nf3 d6 3. d4 Nd7 4. dxe5 dxe5 5. Bc4 c6 6. O-O Be7 7. h3 Ngf6 8.
Qe2 O-O 9. a4 a5 10. Bd2 Qc7 11. Bc3 Bb4 12. Rd1 h6 13. Qe3 Re8 14. Nh4 Nb6 15.
Bb3 c5 16. Bxb4 axb4 17. a5 Nbd7 18. Nd2 Nf8 19. Nc4 Be6 20. Nf5 Ng6 21. Nb6
Rad8 22. Bc4 Rxd1+ 23. Rxd1 Rd8 24. Rxd8+ Qxd8 25. Qd3 Qxd3 26. cxd3 Bxf5 27.
exf5 Nf4 28. Bb5 Ne2+ 29. Kf1 Nd4 30. Bc4 Nxf5 31. Nc8 Ne8 32. Bd5 Ned6 33.
Bxb7 Nxc8 34. Bxc8 Nd6 35. Bd7 c4 36. a6 Nc8 37. Bxc8 c3 38. bxc3 bxc3 1-0

[Event "Druzynowe Mistrzostwa Polski - II Liga Seniorow"]
[Site "Ustron/Slaski Zwiazek Szachowy"]
[Date "2008.09.14"]
[Round "8.101"]
[White "Buksa, Ewelina"]
[Black "Napierala, Malgorzata"]
[Result "0-1"]
[WhiteTitle "II"]
[BlackTitle "I"]
[WhiteElo "1555"]
[BlackElo "1767"]

1. e4 e5 2. Nf3 Nc6 3. Bc4 h6 4. a3 Nf6 5. Nc3 Bc5 6. O-O O-O 7. h3 b6 8. d3
Bb7 9. Qe1 Re8 10. Be3 Nd4 11. Bxd4 Bxd4 12. Rb1 Bxc3 13. Qxc3 d5 14. exd5 Nxd5
15. Qb3 a6 16. a4 Re7 17. Rfe1 Qd6 18. d4 exd4 19. Rxe7 Nxe7 20. Bxf7+ Kh8 21.
Re1 Rf8 22. Ne5 Bd5 23. Bxd5 Nxd5 24. Qd3 Nf4 25. Qe4 Kg8 26. Rd1 c5 27. c3 a5
28. Kf1 Ne6 29. Nf3 Rd8 30. Qg6 Qd5 31. Nh4 Nf4 32. Qxb6 Qc4+ 33. Kg1 Ne2+ 34.
Kh1 Rf8 35. cxd4 Nxd4 36. Qxa5 Rxf2 37. Qa8+ Rf8 38. Qa5 Ne2 39. Qd2 Ng3+ 40.
Kh2 Qxh4 41. Qd5+ Kh8 42. Qxc5 Qf4 43. Kg1 Nf1 44. Qd6 Qf2+ 45. Kh1 Ne3 46. Rd2
Qe1+ 47. Kh2 Nf1+ 48. Kg1 Nxd2+ 49. Kh2 Qf2 0-1